00558nam a22001697a 450000500170000001000130001702000250003003500110005503700130006608200080007910000280008724500630011524600510017826000520022927000870028130000200036820190627131024.0 aUR-10259 c60.00a9789388105903 aU-8814 bDBAD/PUB a841 aصد يقی کو ثر  aچر ا غ پھو لو ں کے cصد يقی کو ثر  bCharagh Phoolon Ke (Urdu)aby Kausar Siddiqui a DelhibEducational Publishing Housec2018 ء  a3191،Vakil Street,Kucha Pandit,Lal Kuan,bDelhie110006k23216162l00911123211540 a72صc22 Cm(Hb)